000 00485nam a22001817a 4500
003 OSt
005 20260414044450.0
008 260414b |||||||| |||| 00| 0 eng d
020 _a0-553-57623-2.
040 _aDWC-Main lib.
_cOC
082 _aFic. M488 1990
100 _aMedeiros, Teresa
245 _aShadows and lace/
_cTeresa Medeiros
260 _aNew York :
_bBantam Books,
_cc1990.
300 _a399 p. ;
_c17 cm.
650 _a1. Fiction.
942 _2ddc
_cFIC.
_hFic.
_n0
999 _c9394
_d9394